Reference handbook on the deserts of North America /

Bibliographic Details
Other Authors: Bender, Gordon Lawrence, 1918-
Format: Book
Language:English
Published: Westport, Conn. : Greenwood Press, 1982.
Subjects:

MARC

Tag First Indicator Second Indicator Subfields
LEADER 00000pam a2200000 a 4500
001 in00000098033
005 20150924085505.0
008 801001s1982 ctua bf 00100 engm
010 |a  80024791  
020 |a 0313213070 (lib. bdg.) 
035 |a (OCoLC)06863218 
035 |9 AAK9396AM 
040 |a DLC  |c DLC  |d m.c.  |d TXA  |d UtOrBLW 
043 |a n------ 
049 |a TXAF  |c [952463] 
050 0 0 |a GB612  |b  R43 1982 
082 0 |a 917.3/0954  |2 19 
245 0 0 |a Reference handbook on the deserts of North America /  |c edited by Gordon L. Bender. 
264 1 |a Westport, Conn. :  |b Greenwood Press,  |c 1982. 
300 |a xi, 594 pages :  |b illustrations ;  |c 29 cm. 
336 |a text  |b txt  |2 rdacontent 
337 |a unmediated  |b n  |2 rdamedia 
338 |a volume  |b nc  |2 rdacarrier 
504 |a Includes bibliographies and indexes. 
650 0 |a Deserts  |z North America  |x Handbooks, manuals, etc. 
700 1 |a Bender, Gordon Lawrence,  |d 1918- 
999 |a MARS 
999 f f |s 65a17adb-9b90-3b13-8af8-76081049788f  |i 01fbb802-a249-368d-82fb-21c705fb2f25  |t 0 
952 f f |p normal  |a Texas A&M University  |b College Station  |c Sterling C. Evans Library  |d Evans: Library Stacks  |t 0  |e GB612 R43 1982  |h Library of Congress classification  |i unmediated -- volume  |m A14830049065 
998 f f |a GB612 R43 1982  |t 0  |l Evans: Library Stacks